Majmua Munshi Premchand / (Record no. 188121)

000 -LEADER
fixed length control field 00457 a2200181 4500
003 - CONTROL NUMBER IDENTIFIER
control field Nust
005 - DATE AND TIME OF LATEST TRANSACTION
control field 20230329091737.0
020 ## - INTERNATIONAL STANDARD BOOK NUMBER
International Standard Book Number 9693514173
040 ## - CATALOGING SOURCE
Transcribing agency Nust
082 ## - DEWEY DECIMAL CLASSIFICATION NUMBER
Classification number 891.439,CHA
100 ## - MAIN ENTRY--PERSONAL NAME
Personal name Premchand , Munshi
9 (RLIN) 111531
245 ## - TITLE STATEMENT
Title Majmua Munshi Premchand /
Statement of responsibility, etc. Munshi Premchand
260 ## - PUBLICATION, DISTRIBUTION, ETC.
Place of publication, distribution, etc. Lahore
Name of publisher, distributor, etc. Sange-e- Meel
Date of publication, distribution, etc. 2003
300 ## - PHYSICAL DESCRIPTION
Extent 757p,
538 ## - SYSTEM DETAILS NOTE
System details note Almirah No.67, Shelf No.1
650 ## - SUBJECT ADDED ENTRY--TOPICAL TERM
Topical term or geographic name entry element NOVEL
9 (RLIN) 2525
942 ## - ADDED ENTRY ELEMENTS (KOHA)
Source of classification or shelving scheme
Koha item type Book
Call number prefix 891.439,CHA
Holdings
Withdrawn status Lost status Source of classification or shelving scheme Damaged status Not for loan Permanent Location Current Location Shelving location Date acquired Total Checkouts Full call number Barcode Date last seen Date last checked out Price effective from Koha item type Public note
          Military College of Signals (MCS) Military College of Signals (MCS) Fiction 12/12/2016 1 891.439,CHA MCS31932 02/06/2026 12/20/2024 12/12/2016 Book Almirha No 65, Shelf No 3
© 2023 Central Library, National University of Sciences and Technology. All Rights Reserved.